Branding ve vyhledávání v éře GEO
Tradičné SEO (Search Engine Optimization) viac ako dve dekády definovalo ako značky súperia o viditeľnosť vo vyhľadávačoch. Cieľom bolo získať pozície v organických výsledkoch, maximalizovať počet kliknutí a zvyšovať návštevnosť webov a e-shopov. Tento model sa však výrazne mení s nástupom generatív...
Salvato in:
| Autore principale: | |
|---|---|
| Altri autori: | |
| Natura: | Capitolo di libro |
| Lingua: | ceco |
| Soggetti: | |
| Tags: |
Nessun Tag, puoi essere il primo ad aggiungerne!!
|
MARC
| LEADER | 00000naa a2200000 4500 | ||
|---|---|---|---|
| 001 | 0314721 | ||
| 005 | 20260204105313.9 | ||
| 041 | 0 | |a cze | |
| 044 | |a CZ | ||
| 245 | 1 | 0 | |a Branding ve vyhledávání v éře GEO |c Jan Mareš, Ondřej Pešek |
| 520 | |a Tradičné SEO (Search Engine Optimization) viac ako dve dekády definovalo ako značky súperia o viditeľnosť vo vyhľadávačoch. Cieľom bolo získať pozície v organických výsledkoch, maximalizovať počet kliknutí a zvyšovať návštevnosť webov a e-shopov. Tento model sa však výrazne mení s nástupom generatívnych vyhľadávačov - systémov ako ChatGPT, Perplexity.ai, Gemini či Google AI Overviews, ktoré odpovedajú priamo užívateľovi bez nutnosti klikať na webové stránky. GEO (Generative Engine Optimization) ako nový rámec pre online viditeľnosť. | ||
| 610 | 2 | 0 | |a budovanie značky |
| 610 | 2 | 0 | |a inteligencia umelá |
| 610 | 2 | 0 | |a stratégia marketingová |
| 610 | 2 | 0 | |a konkurencieschopnosť |
| 610 | 2 | 0 | |a správanie spotrebiteľa |
| 610 | 2 | 0 | |a komunikácia marketingová |
| 100 | 1 | |a Mareš, Jan | |
| 700 | 1 | |a Pešek, Ondřej | |